[Event "ISR-ch Women 2018"]
[Site "Ma'alot-Tarshih"]
[Date "2018.12.18"]
[Round "7"]
[White "Ovechkin, Lilia"]
[Black "Orian, Noga"]
[Result "0-1"]
[WhiteElo "1779"]
[BlackElo "1343"]
[Annotator "NA"]
[PlyCount "92"]
[EventDate "2018.12.11"]
[EventType "swiss"]
[EventCountry "ISR"]
[SourceTitle "playchess.com"]
[Source "ChessBase"]
[SourceQuality "1"]
[TimeControl "40/5400+30:1800+30"]

1. d4 {[%emt 0:00:00]} d5 {[%emt 0:00:00]} 2. Bg5 {[%emt 0:01:38]} Nf6 {[%emt 0:00:33]} 3. e3 {[%emt 1:29:52]} Bf5 {[%emt 0:00:43]} 4. Nf3 {[%emt 0:11:06]} e6 {[%emt 0:01:01]} 5. Nbd2 {[%emt 0:09:04]} Nbd7 {[%emt 0:04:11]} 6. c4 {[%emt 0:08:38]} dxc4 {[%emt 0:01:14]} 7. Bxc4 {[%emt 0:01:28]} c6 {[%emt 0:00:54]} 8. e4 {[%emt 0:02:14]} Bg4 {[%emt 0:03:13]} 9. e5 {[%emt 0:02:07]} h6 {[%emt 0:00:14]} 10. exf6 {[%emt 0:02:49]} hxg5 {[%emt 0:00:16]} 11. fxg7 {[%emt 0:06:39]} Bxg7 {[%emt 0:00:10]} 12. Qb3 {[%emt 0:03:51]} Nb6 {[%emt 0:01:30]} 13. O-O-O {[%emt 0:46:15]} Bh6 {[%emt 1:22:31]} 14. Rhe1 {[%emt 0:07:30]} Nxc4 {[%emt 0:04:24]} 15. Qxc4 {[%emt 0:03:24]} Qd6 {[%emt 0:12:41]} 16. Re4 {[%emt 0:11:33]} Bf5 {[%emt 0:01:38]} 17. Re5 {[%emt 0:18:25]} O-O-O {[%emt 0:01:30]} 18. Rde1 {[%emt 0:06:40]} g4 {[%emt 0:01:04]} 19. Ng1 {[%emt 0:03:10]} Qxd4 {[%emt 0:01:47]} 20. Qxd4 {[%emt 0:01:27]} Rxd4 {[%emt 0:00:02]} 21. Rd1 {[%emt 0:01:58]} Rhd8 {[%emt 0:00:07]} 22. Re2 {[%emt 0:00:26]} Bd3 {[%emt 0:00:36]} 23. Re3 {[%emt 0:06:59]} Bxe3 {[%emt 0:00:28]} 24. fxe3 {[%emt 0:00:02]} R4d5 {[%emt 0:00:09]} 25. b4 {[%emt 0:01:15]} a5 {[%emt 0:00:25]} 26. bxa5 {[%emt 0:00:47]} Rc5+ {[%emt 0:00:26]} 27. Kb2 {[%emt 0:00:11]} Bc2 {[%emt 0:00:06]} 28. Nb3 {[%emt 0:00:35]} Bxb3 {[%emt 0:01:08]} 29. Rxd8+ {[%emt 0:00:07]} Kxd8 {[%emt 0:00:02]} 30. axb3 {[%emt 0:00:24]} Re5 {[%emt 0:00:10]} 31. Ne2 {[%emt 0:00:48]} Rxe3 {[%emt 0:00:08]} 32. Nd4 {[%emt 0:00:45]} e5 {[%emt 0:00:19]} 33. a6 {[%emt 0:00:07]} bxa6 {[%emt 0:00:12]} 34. Nxc6+ {[%emt 0:05:41]} Kc7 {[%emt 0:00:16]} 35. Nb4 {[%emt 0:00:14]} Re2+ {[%emt 0:00:09]} 36. Kc3 {[%emt 0:00:14]} Rxg2 {[%emt 0:00:20]} 37. Nxa6+ {[%emt 0:00:35]} Kb6 {[%emt 0:00:09]} 38. Nb8 {[%emt 0:00:14]} Kc7 {[%emt 0:00:37]} 39. Na6+ {[%emt 0:00:07]} Kd6 {[%emt 0:00:07]} 40. b4 {[%emt 0:00:28]} Rxh2 {[%emt 0:00:09]} 41. Nc5 {[%emt 0:30:09]} Kd5 {[%emt 0:30:19]} 42. Nd3 {[%emt 0:00:31]} Rh3 {[%emt 0:00:39]} 43. Kd2 {[%emt 0:00:17]} Rxd3+ {[%emt 0:00:06]} 44. Kxd3 {[%emt 0:00:17]} g3 {[%emt 0:00:07]} 45. Ke3 {[%emt 0:00:11]} f5 {[%emt 0:00:04]} 46. Kf3 {[%emt 0:00:32]} f4 {[%emt 0:00:05]} 0-1

[Event "ISR-ch Women 2018"]
[Site "Ma'alot-Tarshih"]
[Date "2018.12.18"]
[Round "7"]
[White "Shaul Zeidner, Lyad"]
[Black "Brusilovski, Lena"]
[Result "0-1"]
[WhiteElo "1671"]
[BlackElo "1886"]
[Annotator "NA"]
[PlyCount "110"]
[EventDate "2018.12.11"]
[EventType "swiss"]
[EventCountry "ISR"]
[SourceTitle "playchess.com"]
[Source "ChessBase"]
[SourceQuality "1"]
[TimeControl "40/5400+30:1800+30"]

1. e4 {[%emt 0:00:00]} c5 {[%emt 0:00:00]} 2. d4 {[%emt 0:00:00]} cxd4 {[%emt 0:00:40]} 3. c3 {[%emt 0:00:00]} dxc3 {[%emt 0:01:28]} 4. Nxc3 {[%emt 0:00:00]} Nc6 {[%emt 0:00:24]} 5. Bc4 {[%emt 0:00:08]} Nf6 {[%emt 0:00:59]} 6. Nf3 {[%emt 0:00:48]} d6 {[%emt 0:01:33]} 7. h3 {[%emt 0:00:34]} e6 {[%emt 0:00:24]} 8. O-O {[%emt 0:00:31]} Be7 {[%emt 0:00:24]} 9. Qe2 {[%emt 0:00:35]} Nd7 {[%emt 0:01:02]} 10. Bf4 {[%emt 0:02:25]} Nb6 {[%emt 0:00:46]} 11. Bb3 {[%emt 0:00:52]} O-O {[%emt 0:00:23]} 12. Rfd1 {[%emt 0:00:44]} a6 {[%emt 0:00:36]} 13. Rac1 {[%emt 0:01:04]} Na5 {[%emt 0:07:15]} 14. Bc2 {[%emt 0:01:04]} Qc7 {[%emt 0:00:28]} 15. Bb1 $14 {[%emt 0:02:20]} (15. e5 $18 dxe5 16. Nxe5) 15... Qb8 {[%emt 0:00:24]} (15... Nc6 $1 $11 {remains equal.}) 16. Qc2 {[%emt 0:04:35]} e5 {[%emt 0:00:54]} 17. Be3 {[%emt 0:03:31]} Nbc4 {[%emt 0:01:50]} 18. Nd5 {[%emt 0:03:25]} Bd8 {[%emt 0:00:32]} 19. Qe2 {[%emt 0:01:37]} Nxe3 {[%emt 0:00:33]} 20. Nxe3 {[%emt 0:01:05]} Be6 {[%emt 0:02:52]} 21. Qc2 {[%emt 0:08:13]} b5 {[%emt 0:11:47]} 22. b3 {[%emt 0:08:46]} Ra7 {[%emt 0:07:31]} 23. Qd2 {[%emt 0:04:35]} Rd7 {[%emt 0:01:57]} 24. Qb4 {[%emt 0:10:36]} h6 {[%emt 0:18:54]} 25. Nd5 {[%emt 0:02:24]} Kh8 {[%emt 0:11:31]} 26. Nxe5 {[%emt 0:02:16]} Rb7 {[%emt 0:01:19]} 27. Nc6 {[%emt 0:02:06]} Nxc6 {[%emt 0:00:24]} 28. Rxc6 {[%emt 0:00:09]} Rd7 {[%emt 0:02:56]} 29. a4 {[%emt 0:05:29]} Bg5 {[%emt 0:03:17]} 30. Rxa6 {[%emt 0:01:33]} bxa4 {[%emt 0:01:06]} 31. Qxb8 {[%emt 0:00:23]} Rxb8 {[%emt 0:00:23]} 32. bxa4 {[%emt 0:00:24]} f5 {[%emt 0:00:48]} 33. Nc3 {[%emt 0:00:57]} Bb3 {[%emt 0:05:35]} 34. Bd3 {[%emt 0:21:54]} Bxd1 {[%emt 0:02:27]} 35. Nxd1 {[%emt 0:00:02]} fxe4 {[%emt 0:02:27]} 36. Bxe4 {[%emt 0:00:17]} Re7 {[%emt 0:00:59]} 37. Bf3 {[%emt 0:02:44]} Re1+ {[%emt 0:01:36]} 38. Kh2 {[%emt 0:00:08]} Rb3 {[%emt 0:01:19]} 39. Bd5 {[%emt 0:03:03]} Rb8 {[%emt 0:01:27]} 40. Nc3 {[%emt 0:01:27]} Bf6 {[%emt 0:01:30]} 41. Nb5 {[%emt 0:31:06]} Rd1 {[%emt 0:30:49]} 42. Bf3 {[%emt 0:01:05]} Rd2 {[%emt 0:00:42]} 43. Kg1 {[%emt 0:00:19]} d5 {[%emt 0:00:32]} 44. Kf1 {[%emt 0:01:37]} Rc8 {[%emt 0:01:07]} 45. Re6 {[%emt 0:04:13]} d4 {[%emt 0:02:46]} 46. Ke1 {[%emt 0:01:13]} Bg5 {[%emt 0:00:57]} 47. Kf1 {[%emt 0:00:42]} d3 {[%emt 0:00:22]} 48. Nd6 {[%emt 0:00:27]} Rc1+ {[%emt 0:00:25]} 49. Re1 {[%emt 0:00:02]} Ra2 {[%emt 0:00:48]} 50. Nf7+ {[%emt 0:00:27]} Kg8 {[%emt 0:00:40]} 51. Nxg5 {[%emt 0:00:29]} d2 {[%emt 0:02:09]} 52. Rd1 {[%emt 0:00:25]} Raa1 {[%emt 0:00:56]} 53. Ne4 {[%emt 0:00:14]} Rxd1+ {[%emt 0:00:39]} 54. Bxd1 {[%emt 0:00:02]} Rxd1+ {[%emt 0:00:17]} 55. Ke2 {[%emt 0:00:13]} Re1+ {[%emt 0:00:07]} 0-1

[Event "ISR-ch Women 2018"]
[Site "Ma'alot-Tarshih"]
[Date "2018.12.19"]
[Round "8"]
[White "Shvayger, Yuliya"]
[Black "Katkov, Michelle"]
[Result "1/2-1/2"]
[WhiteElo "2393"]
[BlackElo "1887"]
[Annotator "NA"]
[PlyCount "96"]
[EventDate "2018.12.12"]
[EventType "swiss"]
[EventCountry "ISR"]
[SourceTitle "playchess.com"]
[Source "ChessBase"]
[SourceQuality "1"]
[TimeControl "40/5400+30:1800+30"]

1. e4 {[%emt 0:00:00]} e5 {[%emt 0:00:00]} 2. Nf3 {[%emt 0:00:00]} Nc6 {[%emt 0:00:00]} 3. Bb5 {[%emt 0:00:00]} a6 {[%emt 0:00:08]} 4. Ba4 {[%emt 0:00:05]} Nf6 {[%emt 0:00:12]} 5. d3 {[%emt 0:00:15]} b5 {[%emt 0:00:53]} 6. Bb3 {[%emt 0:00:17]} Bc5 {[%emt 0:00:18]} 7. Nc3 {[%emt 0:01:04]} d6 {[%emt 0:00:56] C77: Ruy Lopez: 3...a6 4 Ba4 Nf6, unusual lines} 8. Nd5 {[%emt 0:00:28]} h6 {[%emt 0:01:02]} 9. c3 {[%emt 0:01:02]} (9. O-O O-O 10. Be3 Bxe3 11. fxe3 Na5 12. Nxf6+ Qxf6 13. Bd5 c6 14. Nd4 Qg5 15. Nxc6 Nxc6 16. Bxc6 Qxe3+ {½-½ (32) Anand,V (2760)-Mamedyarov,S (2808) Stavanger 2018}) 9... Nxd5 {[%emt 0:13:35] LiveBook: 3 Games} 10. Bxd5 {[%emt 0:00:26]} Bd7 {[%emt 0:02:57]} 11. O-O {[%emt 0:04:38]} Bb6 {[%emt 0:05:53]} 12. d4 {[%emt 0:02:03]} Qf6 {[%emt 0:04:05]} 13. Be3 {[%emt 0:05:31]} Rb8 {[%emt 0:07:06]} 14. a4 {[%emt 0:08:59]} O-O $146 {[%emt 0:05:31]} ({Predecessor:} 14... exd4 15. cxd4 {½-½ (76) Borisek,J (2565)-Makoto,R (2403) chess.com INT 2017}) 15. axb5 {[%emt 0:13:28]} axb5 {[%emt 0:00:17]} 16. Ra6 {[%emt 0:00:51]} exd4 {[%emt 0:03:37]} 17. Nxd4 {[%emt 0:00:11]} Nxd4 {[%emt 0:04:40]} 18. Bxd4 {[%emt 0:00:29]} Bxd4 {[%emt 0:00:26]} 19. cxd4 {[%emt 0:00:01]} Qe7 {[%emt 0:11:25]} 20. Ra7 {[%emt 0:02:07]} Rfc8 {[%emt 0:02:18]} 21. Qf3 {[%emt 0:00:55]} Be6 {[%emt 0:12:24]} 22. Bb7 {[%emt 0:02:24]} c5 {[%emt 0:02:06]} 23. Bxc8 {[%emt 0:03:58]} Qxa7 {[%emt 0:00:09]} 24. Bxe6 {[%emt 0:00:05]} fxe6 {[%emt 0:00:05]} 25. Qg4 {[%emt 0:01:04]} Qe7 {[%emt 0:02:00]} 26. dxc5 {[%emt 0:03:34]} dxc5 {[%emt 0:00:03]} 27. Rd1 {[%emt 0:00:07]} Qf6 {[%emt 0:03:13]} 28. Qe2 {[%emt 0:01:31]} Rd8 {[%emt 0:02:32]} 29. Rxd8+ {[%emt 0:03:40]} Qxd8 {[%emt 0:00:04]} 30. Qxb5 {[%emt 0:00:07]} Qd1+ {[%emt 0:00:06]} 31. Qf1 {[%emt 0:00:04]} Qc2 {[%emt 0:00:19]} 32. Qa1 {[%emt 0:02:16]} Qxe4 {[%emt 0:00:07]} 33. h3 {[%emt 0:00:41]} Qd4 {[%emt 0:02:55]} 34. Qc1 {[%emt 0:00:37]} c4 {[%emt 0:02:01]} 35. Qc3 {[%emt 0:00:39]} Qd5 {[%emt 0:02:39]} 36. Kh2 {[%emt 0:01:26]} Qd6+ {[%emt 0:01:50]} 37. g3 {[%emt 0:01:07]} Qd5 {[%emt 0:00:45]} 38. Qe3 {[%emt 0:02:33]} e5 {[%emt 0:00:08]} 39. h4 {[%emt 0:04:11]} Qb5 {[%emt 0:01:05]} 40. Qd2 {[%emt 0:00:21]} Qc5 {[%emt 0:03:22]} 41. Kg2 {[%emt 0:30:23]} Qc6+ {[%emt 0:30:14]} 42. Kg1 {[%emt 0:02:10]} Qe4 $11 {[%emt 0:00:48]} 43. Qc3 {[%emt 0:01:41]} Kf7 {[%emt 0:00:39]} 44. Kf1 {[%emt 0:03:45]} Ke6 {[%emt 0:02:04]} 45. Kg1 {[%emt 0:01:00]} h5 {[%emt 0:03:59]} 46. Qb4 {[%emt 0:01:00]} g6 {[%emt 0:00:36]} 47. Qb6+ {[%emt 0:00:49]} Kf7 {[%emt 0:00:00]} 48. Qb4 {[%emt 0:00:00]} Qd4 {[%emt 0:02:28]} 1/2-1/2

[Event "ISR-ch Women 2018"]
[Site "Ma'alot-Tarshih"]
[Date "2018.12.19"]
[Round "8"]
[White "Efroimski, Marsel"]
[Black "Nesterovskaya, Anzhelika"]
[Result "1-0"]
[WhiteElo "2301"]
[BlackElo "2130"]
[Annotator "NA"]
[PlyCount "77"]
[EventDate "2018.12.12"]
[EventType "swiss"]
[EventCountry "ISR"]
[SourceTitle "playchess.com"]
[Source "ChessBase"]
[SourceQuality "1"]
[TimeControl "40/5400+30:1800+30"]

1. e4 {[%emt 0:00:43]} c5 {[%emt 0:00:00]} 2. Nf3 {[%emt 0:00:07]} d6 {[%emt 0:00:00]} 3. c4 {[%emt 0:07:50]} g6 {[%emt 0:03:15]} 4. d4 {[%emt 0:00:06]} Bg7 {[%emt 0:01:22]} 5. Nc3 {[%emt 0:03:54]} Qa5 {[%emt 0:02:21]} 6. dxc5 {[%emt 0:12:00] LiveBook: 11 Games A40: Unusual replies to 1 d4} (6. d5 Bxc3+ 7. bxc3 Nf6 8. Qc2 Nxe4 9. Bd3 f5 10. O-O Nd7 11. Re1 Ndf6 12. Ng5 Bd7 13. f3 Nxg5 14. Bxg5 {0-1 (36) Wojtaszek,R (2727)-Fressinet,L (2700) Huaian 2016}) 6... Bxc3+ {[%emt 0:02:05]} 7. bxc3 {[%emt 0:00:03]} Qxc5 {[%emt 0:00:08]} 8. Qd4 {[%emt 0:18:26]} f6 {[%emt 0:00:38]} 9. Be3 {[%emt 0:03:26]} Qa5 {[%emt 0:04:13]} 10. Be2 {[%emt 0:02:16]} Nd7 $146 {[%emt 0:29:38]} ({Predecessor:} 10... Nc6 11. Qd2 f5 12. exf5 gxf5 {½-½ (46) Butuc,M (2098)-Plischki,S (2358) Marianske Lazne 2008}) 11. O-O {[%emt 0:01:28]} Nc5 {[%emt 0:01:47]} 12. Nd2 {[%emt 0:07:45]} Qc7 {[%emt 0:04:32]} 13. Nb3 {[%emt 0:02:46]} e5 {[%emt 0:00:37]} 14. Qd1 {[%emt 0:08:14]} Nxe4 {[%emt 0:00:12]} 15. Bf3 {[%emt 0:09:17]} Nxc3 {[%emt 0:12:24]} 16. Qe1 {[%emt 0:00:50]} Na4 {[%emt 0:02:12]} 17. Qb4 {[%emt 0:00:08]} Nb2 {[%emt 0:07:18]} 18. c5 {[%emt 0:06:44]} d5 {[%emt 0:04:17]} 19. Bxd5 {[%emt 0:00:45]} Ne7 {[%emt 0:00:07]} 20. Bf3 $16 {[%emt 0:00:28]} Qd7 {[%emt 0:09:50]} 21. Nc1 {[%emt 0:05:51]} Nd3 {[%emt 0:01:44]} 22. Nxd3 {[%emt 0:00:11]} Qxd3 {[%emt 0:00:01]} 23. Bxb7 {[%emt 0:02:36]} Bxb7 {[%emt 0:00:59]} 24. Qxb7 {[%emt 0:00:02]} Qd5 {[%emt 0:00:31]} 25. Rab1 {[%emt 0:00:30]} Kf7 {[%emt 0:01:54]} 26. Qa6 {[%emt 0:02:46]} Rhc8 {[%emt 0:00:52]} 27. Rfd1 {[%emt 0:01:49]} Rab8 {[%emt 0:00:29]} 28. Rbc1 {[%emt 0:00:38]} Qe6 {[%emt 0:01:11]} 29. Rd6 {[%emt 0:00:23]} Qf5 {[%emt 0:00:20]} 30. Qc4+ {[%emt 0:01:14]} Kg7 {[%emt 0:00:23]} 31. g4 {[%emt 0:01:37]} Qf3 {[%emt 0:00:29]} 32. Rd7 {[%emt 0:00:20]} Rb7 {[%emt 0:00:43]} 33. Rcd1 {[%emt 0:00:30]} e4 {[%emt 0:00:30]} 34. Qe6 {[%emt 0:00:16]} Re8 {[%emt 0:00:25]} 35. c6 {[%emt 0:00:28]} Rc7 {[%emt 0:00:26]} 36. R1d2 {[%emt 0:00:57]} Rxd7 {[%emt 0:01:09]} 37. cxd7 {[%emt 0:00:29]} Nf5 {[%emt 0:00:05]} 38. dxe8=N+ {[%emt 0:00:13]} Kf8 {[%emt 0:00:13]} 39. Qxf6+ {[%emt 0:00:07]} 1-0

[Event "ISR-ch Women 2018"]
[Site "Ma'alot-Tarshih"]
[Date "2018.12.19"]
[Round "8"]
[White "Klinova, Masha"]
[Black "Reprun, Nadejda"]
[Result "1-0"]
[WhiteElo "2267"]
[BlackElo "2016"]
[Annotator "ChessBase"]
[PlyCount "43"]
[EventDate "2018.12.12"]
[EventType "swiss"]
[EventCountry "ISR"]
[SourceTitle "playchess.com"]
[Source "ChessBase"]
[SourceQuality "1"]
[TimeControl "40/5400+30:1800+30"]

1. e4 {[%emt 0:00:00]} c6 {[%emt 0:00:00]} 2. d4 {[%emt 0:00:00]} d5 {[%emt 0:00:00]} 3. e5 {[%emt 0:00:00]} c5 {[%emt 0:00:00]} 4. Nf3 {[%emt 0:00:00]} Nc6 {[%emt 0:00:34]} 5. c4 {[%emt 0:00:00]} cxd4 {[%emt 0:08:09]} 6. Nxd4 {[%emt 0:02:35]} Qb6 {[%emt 0:10:03]} 7. Nxc6 {[%emt 0:04:48]} bxc6 {[%emt 0:01:12]} 8. cxd5 {[%emt 0:01:22]} e6 {[%emt 0:11:58]} 9. dxc6 {[%emt 0:10:52]} Qa5+ {[%emt 0:03:43]} 10. Nc3 {[%emt 0:01:57]} Qxe5+ {[%emt 0:00:04]} 11. Be2 {[%emt 0:10:30]} Bb4 {[%emt 0:00:41]} 12. O-O {[%emt 0:00:58]} Nf6 {[%emt 0:12:57]} 13. Bf3 {[%emt 0:11:05]} Bxc3 {[%emt 0:02:28]} 14. bxc3 {[%emt 0:00:33]} O-O {[%emt 0:00:03]} 15. Ba3 {[%emt 0:11:56]} Ba6 {[%emt 0:02:19]} 16. Re1 {[%emt 0:00:56]} Qxc3 {[%emt 0:00:36]} 17. Bxf8 {[%emt 0:00:10]} Rxf8 {[%emt 0:00:03]} 18. Qa4 {[%emt 0:02:35]} Qc4 {[%emt 0:01:31]} 19. Qxc4 {[%emt 0:00:39]} Bxc4 {[%emt 0:00:01]} 20. Rec1 {[%emt 0:00:30]} Bd5 {[%emt 0:00:17]} 21. c7 {[%emt 0:00:54]} Rc8 {[%emt 0:00:07]} 22. Rab1 {[%emt 0:00:30]} 1-0

[Event "ISR-ch Women 2018"]
[Site "Ma'alot-Tarshih"]
[Date "2018.12.19"]
[Round "8"]
[White "Vardi, Shlomit"]
[Black "Levitan, Ronit"]
[Result "0-1"]
[WhiteElo "1910"]
[BlackElo "1875"]
[Annotator "NA"]
[PlyCount "70"]
[EventDate "2018.12.12"]
[EventType "swiss"]
[EventCountry "ISR"]
[SourceTitle "playchess.com"]
[Source "ChessBase"]
[SourceQuality "1"]
[TimeControl "40/5400+30:1800+30"]

1. e4 {[%emt 0:00:00]} e5 {[%emt 0:00:00]} 2. Nf3 {[%emt 0:00:00]} Nc6 {[%emt 0:00:00]} 3. d4 {[%emt 0:00:00]} exd4 {[%emt 0:00:00]} 4. c3 {[%emt 0:00:00]} Nf6 {[%emt 0:04:24]} 5. e5 {[%emt 0:01:03]} Nd5 {[%emt 0:01:50]} 6. cxd4 {[%emt 0:00:19]} d6 {[%emt 0:00:35] LiveBook: 12 Games} 7. Bb5 {[%emt 0:03:00]} dxe5 {[%emt 0:03:39] C44: Ponziani Opening and Scotch Gambit} (7... Be7 8. Nc3 Nxc3 9. bxc3 O-O 10. O-O Bg4 11. h3 Bh5 12. Re1 a6 13. Bd3 dxe5 14. dxe5 Kh8 15. Bf4 {1-0 (29) Lu,S (2533)-Bok,B (2591) Pune 2014}) 8. dxe5 {[%emt 0:07:38]} Bb4+ {[%emt 0:00:28]} 9. Bd2 {[%emt 0:01:23]} Bd7 $146 {[%emt 0:09:39]} ({Predecessor:} 9... O-O 10. O-O Bxd2 11. Nbxd2 Nde7 12. h3 Be6 13. Ng5 Bd5 14. Ngf3 Ng6 15. Re1 {0-1 (62) Mahadevan,A (1503)-Muniz Pardino,A (2103) Hong Kong 2013}) 10. Nc3 {[%emt 0:05:17]} Nxc3 $11 {[%emt 0:00:43]} (10... Bxc3 $5 11. Bxc3 Nxc3 12. bxc3 O-O $11) 11. bxc3 {[%emt 0:00:37]} Be7 {[%emt 0:00:44]} 12. Qe2 {[%emt 0:02:38]} a6 {[%emt 0:04:13]} 13. Bd3 {[%emt 0:00:52]} Be6 {[%emt 0:00:54]} 14. O-O {[%emt 0:01:40]} O-O {[%emt 0:08:50]} 15. Rfd1 {[%emt 0:01:34]} Qc8 {[%emt 0:02:08]} 16. Qe4 {[%emt 0:12:59]} g6 {[%emt 0:00:09]} 17. Ng5 {[%emt 0:03:32]} Bf5 {[%emt 0:11:06]} 18. Qh4 {[%emt 0:02:29]} h5 {[%emt 0:05:13]} 19. Bf4 {[%emt 0:08:09]} Bxd3 {[%emt 0:02:48]} 20. Rxd3 {[%emt 0:00:08]} Qf5 {[%emt 0:00:15]} 21. Re3 {[%emt 0:01:46]} Rad8 {[%emt 0:04:53]} 22. h3 {[%emt 0:02:18]} Rd5 {[%emt 0:06:42]} 23. Qg3 {[%emt 0:16:23]} Bxg5 {[%emt 0:11:16]} 24. Bxg5 {[%emt 0:01:57]} Rxe5 {[%emt 0:01:24]} 25. Rxe5 {[%emt 0:02:31]} Nxe5 {[%emt 0:01:19]} 26. Rd1 {[%emt 0:05:33]} Re8 {[%emt 0:04:03]} 27. f4 {[%emt 0:09:02]} Nc4 {[%emt 0:00:35]} 28. Qf3 {[%emt 0:01:41]} Nd6 {[%emt 0:05:26]} 29. Bh4 {[%emt 0:04:55]} Qc2 {[%emt 0:01:39]} 30. Bf6 {[%emt 0:01:45]} Qxa2 {[%emt 0:03:47]} 31. f5 {[%emt 0:01:45]} Nxf5 {[%emt 0:02:07]} 32. Qxb7 {[%emt 0:00:41]} Qe6 {[%emt 0:00:24]} 33. Bd8 {[%emt 0:01:21]} Qe3+ {[%emt 0:00:27]} 34. Kh1 {[%emt 0:00:34]} Qe2 {[%emt 0:02:37]} 35. Rb1 {[%emt 0:00:28]} Rxd8 {[%emt 0:00:24]} 0-1

[Event "ISR-ch Women 2018"]
[Site "Ma'alot-Tarshih"]
[Date "2018.12.19"]
[Round "8"]
[White "Brusilovski, Lena"]
[Black "Haitovich, Avital"]
[Result "0-1"]
[WhiteElo "1886"]
[BlackElo "1979"]
[Annotator "NA"]
[PlyCount "68"]
[EventDate "2018.12.12"]
[EventType "swiss"]
[EventCountry "ISR"]
[SourceTitle "playchess.com"]
[Source "ChessBase"]
[SourceQuality "1"]
[TimeControl "40/5400+30:1800+30"]

1. e4 {[%emt 0:00:00]} c5 {[%emt 0:00:00]} 2. Nf3 {[%emt 0:00:46]} d6 {[%emt 0:00:00]} 3. d4 {[%emt 0:01:03]} cxd4 {[%emt 0:00:00]} 4. Nxd4 {[%emt 0:00:23]} Nf6 {[%emt 0:00:00]} 5. Nc3 {[%emt 0:00:46]} g6 {[%emt 0:00:06]} 6. Be3 {[%emt 0:00:13]} Bg7 {[%emt 0:00:11]} 7. f3 {[%emt 0:01:17]} O-O {[%emt 0:00:09]} 8. Bc4 {[%emt 0:00:46]} Nc6 {[%emt 0:01:11]} 9. Qd2 {[%emt 0:01:32]} Bd7 {[%emt 0:00:08]} 10. h4 {[%emt 0:02:14]} Rc8 {[%emt 0:07:39]} 11. Bb3 {[%emt 0:01:38] LiveBook: 464 Games} Na5 {[%emt 0:07:27]} 12. Bh6 {[%emt 0:02:23]} Nxb3 {[%emt 0:08:01]} 13. axb3 $14 {[%emt 0:04:29]} Bxh6 {[%emt 0:23:31]} 14. Qxh6 {[%emt 0:01:45]} Qb6 {[%emt 0:00:54]} 15. Nde2 {[%emt 0:04:22]} Qc5 {[%emt 0:10:02]} 16. h5 {[%emt 0:08:45]} e6 {[%emt 0:17:13]} 17. hxg6 {[%emt 0:01:53]} fxg6 {[%emt 0:00:13]} 18. O-O-O {[%emt 0:01:34]} Rf7 {[%emt 0:03:02]} 19. Rd2 {[%emt 0:11:31]} b5 {[%emt 0:03:11]} 20. g4 {[%emt 0:02:57]} b4 {[%emt 0:00:43]} 21. Nb1 {[%emt 0:03:26]} a5 {[%emt 0:01:25]} 22. Qh2 {[%emt 0:05:57]} Qe3 {[%emt 0:04:41]} 23. Qg2 {[%emt 0:04:11]} a4 {[%emt 0:01:44]} 24. bxa4 {[%emt 0:00:59]} Bxa4 {[%emt 0:00:15]} 25. c3 {[%emt 0:00:41]} Nd7 {[%emt 0:04:25]} 26. Nd4 {[%emt 0:00:58]} Nc5 {[%emt 0:01:25]} 27. Nc2 {[%emt 0:03:13]} Nd3+ {[%emt 0:01:23]} 28. Kd1 {[%emt 0:00:11]} Nxb2+ {[%emt 0:00:10]} 29. Kc1 {[%emt 0:00:02]} Nd3+ {[%emt 0:00:30]} 30. Kd1 {[%emt 0:00:07]} bxc3 {[%emt 0:03:53]} 31. Rxd3 {[%emt 0:01:41]} Qxd3+ {[%emt 0:00:01]} 32. Kc1 {[%emt 0:00:29]} Qxc2+ {[%emt 0:01:32]} 33. Qxc2 {[%emt 0:00:04]} Bxc2 {[%emt 0:00:02]} 34. Kxc2 {[%emt 0:00:02]} Rxf3 {[%emt 0:00:11]} 0-1